000 00323pam a2200133 a 4500
020 _c
041 _h
082 _a658
_bLIG/URW
100 _aLIGHT H.R.,URWICK L.F.,
245 _aNATURE OF MANAGEMENT
_hTextual Documents
260 _aLONDON
_bSIR ISAAC PITMAN AND SONS LTD.
_c1968
300 _aXIII+167
930 _a6442
999 _c125913
_d125913